[Event "Nittenau-ch 14th"]
[Site "Nittenau"]
[Date "2014.09.07"]
[Round "5"]
[White "Gan, Maxwell"]
[Black "Kammer, Fabian"]
[Result "1-0"]
[WhiteElo "1169"]
[BlackElo "737"]
[PlyCount "50"]
[EventDate "2014.09.05"]
[EventType "swiss"]
[EventRounds "5"]
[EventCountry "GER"]
[SourceTitle "CBM 162 Extra"]
[Source "ChessBase"]
[SourceDate "2014.10.17"]
[SourceVersion "1"]
[SourceVersionDate "2014.10.17"]
[SourceQuality "1"]

1. e4 e5 2. Nf3 Nf6 3. Nxe5 d6 4. Nf3 Nxe4 5. Qe2 d5 6. d3 Bf5 7. dxe4 dxe4 8. Qb5+ c6 9. Qxf5 exf3 10. Qxf3 Bb4+ 11. c3 Qe7+ 12. Qe3 Qxe3+ 13. Bxe3 Bd6 14. Bd3 0-0 15. 0-0 Rd8 16. Rd1 Nd7 17. Bxh7+ Kxh7 18. Rxd6 Rac8 19. Nd2 Kg8 20. Rd1 Rc7 21. Nc4 b5 22. Ne5 Re8 23. Nxd7 Rd8 24. Nf6+ gxf6 25. Rxd8+ Kg7 1-0

[Event "Magdeburg op-B"]
[Site "Magdeburg"]
[Date "2014.06.10"]
[Round "4"]
[White "Triantafillidis, Simeon"]
[Black "Gan, Maxwell"]
[Result "1-0"]
[WhiteElo "1234"]
[BlackElo "1109"]
[PlyCount "97"]
[EventDate "2014.06.08"]
[EventType "swiss"]
[EventRounds "9"]
[EventCountry "GER"]
[SourceTitle "CBM 160 Extra"]
[Source "ChessBase"]
[SourceDate "2014.07.01"]
[SourceVersion "1"]
[SourceVersionDate "2014.07.01"]
[SourceQuality "1"]

1. e4 e5 2. Nf3 Nc6 3. Bc4 Bc5 4. b4 Bxb4 5. c3 Bc5 6. d4 exd4 7. 0-0 dxc3 8. Bxf7+ Kxf7 9. Qd5+ Ke8 10. Qh5+ g6 11. Qxc5 Qe7 12. Qxc3 Nf6 13. Bg5 Rf8 14. e5 Nxe5 15. Nxe5 Qd6 16. Re1 Kd8 17. Ng4 c6 18. Bxf6+ Rxf6 19. Qxf6+ Qxf6 20. Nxf6 b6 21. Nc3 Ba6 22. Re8+ Kc7 23. Rxa8 h5 24. Rd1 d5 25. Re1 Kb7 26. Rae8 Bd3 27. Nfxd5 cxd5 28. Nxd5 Bb5 29. Rf8 Bc4 30. Nb4 Kc7 31. Rc1 b5 32. Rf4 a5 33. Rfxc4+ bxc4 34. Rxc4+ Kb6 35. Rc6+ Kb5 36. Rxg6 axb4 37. f4 Ka4 38. f5 Ka3 39. f6 Kxa2 40. f7 b3 41. f8Q b2 42. Ra6+ Kb3 43. Qb8+ Kc3 44. Rc6+ Kd4 45. Qd6+ Ke4 46. Rc4+ Ke3 47. Qd4+ Ke2 48. Rc2+ Ke1 49. Qd2# 1-0

[Event "Magdeburg op-B"]
[Site "Magdeburg"]
[Date "2014.06.08"]
[Round "2"]
[White "Fromm, Marius"]
[Black "Gan, Maxwell"]
[Result "0-1"]
[WhiteElo "899"]
[BlackElo "1109"]
[PlyCount "70"]
[EventDate "2014.06.08"]
[EventType "swiss"]
[EventRounds "9"]
[EventCountry "GER"]
[SourceTitle "CBM 160 Extra"]
[Source "ChessBase"]
[SourceDate "2014.07.01"]
[SourceVersion "1"]
[SourceVersionDate "2014.07.01"]
[SourceQuality "1"]

1. e4 e5 2. Nf3 Nc6 3. Nc3 Bc5 4. Bc4 Nf6 5. 0-0 d6 6. d3 h6 7. Re1 Bg4 8. h3 Bh5 9. Qe2 Nd4 10. Qe3 Nxc2 11. Qe2 Nxe1 12. Qxe1 Bxf3 13. gxf3 Nh5 14. Be3 Nf4 15. Kh2 Qh4 16. Qf1 Rg8 17. Nd5 Kd7 18. Nxf4 exf4 19. Bxc5 dxc5 20. Bxf7 Rgf8 21. Bc4 Qf6 22. Rb1 h5 23. Qg2 g5 24. a3 Rfe8 25. b4 b6 26. bxc5 bxc5 27. Rd1 Re7 28. Qf1 g4 29. fxg4 hxg4 30. hxg4 Rh7+ 31. Kg2 Rah8 32. Kf3 Rh3+ 33. Ke2 Qb2+ 34. Rd2 Re3+ 35. fxe3 Rh2+ 0-1